000 00484nam a2200205Ia 4500
003 OSt
005 20140311163113.0
008 140130s9999 xx 000 0 und d
020 _a0590265849
050 _aPZ 7
_b.K55964Sh 1995
245 _aShe sells seashells /
_cGrace Kim.
260 _bScholastic,
_c1995.
_aNew York :
300 _bcol. ill. ;
_c24 cm.
440 _v1
_931046
521 _aG3
526 _c540
942 _cBK
_2lcc
999 _c40618
_d40618